000
00311nam a2200145Ia 4500
100
_a
Thierauf/Robert J
250
_a
2
942
_c
BK
654
_a
system
245
_a
System analysis and design
260
_b
CBS Publishers
_a
New Delhi
_c
1989
082
_a
1.61
_b
THI
300
_a
462
546
_a
ENGLISH
999
_c
35632
_d
35632